<?xml version="1.0" encoding="UTF-8"?>
<collection xmlns="http://www.loc.gov/MARC21/slim">
 <record>
  <leader>01286pam a22002658a 4500</leader>
  <controlfield tag="001">00023451</controlfield>
  <controlfield tag="005">20171026081023.0</controlfield>
  <controlfield tag="008">110623s2000                  ||||||Engsd</controlfield>
  <datafield tag="020" ind1="#" ind2="#">
   <subfield code="a">0724803270</subfield>
  </datafield>
  <datafield tag="041" ind1="0" ind2="#">
   <subfield code="a">Eng</subfield>
  </datafield>
  <datafield tag="082" ind1="1" ind2="4">
   <subfield code="a">657</subfield>
   <subfield code="b">A100C</subfield>
  </datafield>
  <datafield tag="100" ind1="1" ind2="#">
   <subfield code="a">Atrill, Peter</subfield>
  </datafield>
  <datafield tag="245" ind1="1" ind2="0">
   <subfield code="a">Accounting</subfield>
   <subfield code="b">an introduction</subfield>
   <subfield code="c">Peter Atrill, Eddie Mclaney, David Harvey</subfield>
  </datafield>
  <datafield tag="260" ind1="#" ind2="#">
   <subfield code="a">Australia</subfield>
   <subfield code="b">McPherson's Printing Group</subfield>
   <subfield code="c">2000</subfield>
  </datafield>
  <datafield tag="300" ind1="#" ind2="#">
   <subfield code="a">419 p.</subfield>
   <subfield code="b">ill</subfield>
   <subfield code="c">24 cm.</subfield>
  </datafield>
  <datafield tag="653" ind1="#" ind2="#">
   <subfield code="a">Accounting</subfield>
  </datafield>
  <datafield tag="653" ind1="#" ind2="#">
   <subfield code="a">Kế toán</subfield>
  </datafield>
  <datafield tag="653" ind1="#" ind2="#">
   <subfield code="a">Finacial statements</subfield>
  </datafield>
  <datafield tag="700" ind1="1" ind2="#">
   <subfield code="a">Harvey, David</subfield>
  </datafield>
  <datafield tag="700" ind1="1" ind2="#">
   <subfield code="a">Mclaney, Eddie</subfield>
  </datafield>
  <datafield tag="852" ind1="#" ind2="#">
   <subfield code="b">Kho mượn</subfield>
   <subfield code="j">KM.0008551, KM.0008552, KM.0008553, KM.0008554, KM.0008555, KM.0008556, KM.0008557, KM.0008558, KM.0008559, KM.0008560, KM.0008561, KM.0008562, KM.0008563, KM.0008564, KM.0008565, KM.0008566, KM.0008567, KM.0008568, KM.0008569, KM.0008570</subfield>
  </datafield>
  <datafield tag="852" ind1="#" ind2="#">
   <subfield code="j">KD.0008069</subfield>
   <subfield code="j">KM.0008551</subfield>
   <subfield code="j">KM.0008553</subfield>
   <subfield code="j">KM.0008554</subfield>
   <subfield code="j">KM.0008556</subfield>
   <subfield code="j">KM.0008557</subfield>
   <subfield code="j">KM.0008560</subfield>
   <subfield code="j">KM.0008561</subfield>
   <subfield code="j">KM.0008562</subfield>
   <subfield code="j">KM.0008563</subfield>
   <subfield code="j">KM.0008565</subfield>
   <subfield code="j">KM.0008566</subfield>
   <subfield code="j">KM.0008569</subfield>
   <subfield code="j">KM.0008570</subfield>
   <subfield code="j">KM.0008552</subfield>
   <subfield code="j">KM.0008555</subfield>
   <subfield code="j">KM.0008558</subfield>
   <subfield code="j">KM.0008559</subfield>
   <subfield code="j">KM.0008564</subfield>
   <subfield code="j">KM.0008567</subfield>
   <subfield code="j">KM.0008568</subfield>
  </datafield>
  <datafield tag="852" ind1="#" ind2="#">
   <subfield code="b">Kho đọc</subfield>
   <subfield code="j">KD.0008069</subfield>
  </datafield>
  <datafield tag="910" ind1="0" ind2="#">
   <subfield code="a">Ntuyet</subfield>
   <subfield code="d">23/06/2011</subfield>
  </datafield>
  <datafield tag="980" ind1="#" ind2="#">
   <subfield code="a">Trung tâm Học liệu Lê Vũ Hùng, Trường Đại học Đồng Tháp</subfield>
  </datafield>
 </record>
</collection>
